000 00483nam a2200169Ia 4500
003 LDD
008 190117s9999 xx 000 0 und d
020 _c₹30
040 _cLDD
041 _ahi
082 _a8H3.7 ना 1616 आ
100 _aनागार्जुन
245 0 _aआसमान में चन्दा तैरे
_cनागार्जुन
260 _aदिल्ली
_bयात्री
_c1989
300 _a119प्र.
942 _2ddc
_cH
999 _c162264
_d162264